01809nam a2200493 i 450000100060000000300090000600500170001500800390003201500180007102000150008902000150010403500230011903500360014203500140017803500210019203500230021303500440023604000280028008000120030808000120032010000530033224501540038525000170053926000430055630000410059933600270064033700530066733800280072038000160074838000270076438500390079138800140083038800140084450000750085850400360093365000430096965500350101265800280104765000280107570000460110370000350114971000330118485600980121724616KOSZ 00520190725095254.0970620s1994 pl a f f |001 0 pol aPB 1995/11578 a8301115114 a8301115122 a991000306029705066 a(PL-WaBN)b10125048-48omnis_nlop ab10125048 a(OCoLC)802065989 a(PL)b0000001012504 a(EXLNZ-48OMNIS_NETWORK)9910019329505606 aWA NcWA NdKOSZ 005/HR a621.316 a(075.8)1 aKujszczyk, Szczęsnyd(1939- )eAutoreRedakcja10aElektroenergetyczne sieci rozdzielcze.nT. 1 /cpod red. Szczęsnego Kujszczyka ; [aut. S. Kujszczyk, Aleksander Mińczuk, Janusz Pasternakiewicz]. aWyd. 2 popr. aWarszawa :bWydaw. Naukowe PWN,c1994. a291, [1] s. :brys., wykr. ;c24 cm. 2rdacontentaTekstbtxt 2rdamediaaBez urządznia pośredniczącegobn 2rdacarrieraWoluminbnc aKsiążki aPublikacje dydaktyczne mPoziom nauczaniaaSzkoły wyższe a1901-2000 a1989-2000 aWyd. poprz. ogł. pod hasłem : Elektroenergetyczne sieci rozdzielcze. aBibliogr. s. 277-281. - Indeks. 7aSieć elektroenergetyczna rozdzielcza 7aPodręczniki akademickie2DBN aInżynieria i technika 7aSieć elektryczna2DBN1 aMińczuk, Aleksanderd(1948-2013)eAutor1 aPasternakiewicz, JanuszeAutor2 aWydawnictwo Naukowe PWN4pbl uhttp://koha.tu.koszalin.pl/cgi-bin/koha/opac-detail.pl?biblionumber=24616yKatalog online BPK